Normal view
MARC view
- Cormier, William H.
Entry Personal Name
001 - CONTROL NUMBER
- control field: 111922
003 - CONTROL NUMBER IDENTIFIER
- control field: NUST
005 - DATE AND TIME OF LATEST TRANSACTION
- control field: 20230414125444.0
008 - FIXED-LENGTH DATA ELEMENTS
- fixed length control field: 230414|| aca||aabn | a|a d
040 ## - CATALOGING SOURCE
- Original cataloging agency: NUST
- Transcribing agency: NUST
100 ## - HEADING--PERSONAL NAME
- Personal name: Cormier, William H.
- Fuller form of name: (William Henry),
- Dates associated with a name: 1933-
670 ## - SOURCE DATA FOUND
- Source citation: Work cat.: (NUST)0: Huck, Schuyler W. 111921, Reading statistics and research., c1996.
